George Washington, (Record no. 552109)
[ view plain ]
| 000 -LEADER | |
|---|---|
| fixed length control field | 00402cam a22001211 4500 |
| 082 ## - DEWEY DECIMAL CLASSIFICATION NUMBER | |
| Classification number | 335.009273 |
| Author Mark | KIN |
| 100 1# - MAIN ENTRY--PERSONAL NAME | |
| Personal name | King, Charles Cooper. |
| 9 (RLIN) | 49330 |
| 245 00 - TITLE STATEMENT | |
| Title | George Washington, |
| Statement of responsibility, etc. | by Lieut.-Colonel Cooper King, F.G.S. |
| 260 ## - PUBLICATION, DISTRIBUTION, ETC. | |
| Place of publication, distribution, etc. | London, |
| Name of publisher, distributor, etc. | Chapman and Hall, ld., |
| Date of publication, distribution, etc. | 1894. |
| 300 ## - PHYSICAL DESCRIPTION | |
| Extent | viii, 283 p. |
| Other physical details | 2 fold. maps (incl. front.) |
| Dimensions | 21 cm. |
| 526 ## - STUDY PROGRAM INFORMATION NOTE | |
| Program name | 0 |
| Interest level | 0 |
| Reading level | 0 |
| Title point value | 335_009273000000000_KIN |
| 942 ## - ADDED ENTRY ELEMENTS (KOHA) | |
| Source of classification or shelving scheme | |
| Koha item type | Book |
| Withdrawn status | Lost status | Source of classification or shelving scheme | Damaged status | Not for loan | Permanent Location | Current Location | Shelving location | Date acquired | Total Checkouts | Full call number | Barcode | Date last seen | Date last checked out | Price effective from | Koha item type |
|---|---|---|---|---|---|---|---|---|---|---|---|---|---|---|---|
| Military College of Engineering (MCE) | Military College of Engineering (MCE) | 01/07/2015 | 1 | 335.009273 KIN | MCE-ECG/23 | 01/13/2015 | 01/13/2015 | 01/07/2015 | Book |
